| 000 | 00895nam a22002537a 4500 | ||
|---|---|---|---|
| 999 |
_c64057 _d64057 |
||
| 005 | 20240530110712.0 | ||
| 008 | 180121s2015 ua a f b 000 0dara d | ||
| 017 |
_a14864 _bمصر. دار الكتب |
||
| 020 | _a9789773144524 | ||
| 040 |
_aEG-CaGPL _cEG-CaGPL |
||
| 082 | 0 | 4 |
_221 _a401.018\ _bش م |
| 100 | 1 | _aشفارتس ، مونيكا | |
| 245 | 1 | 0 |
_aمدخل الى علم اللغة الادراكى / _cمونيكا شفارتس ؛ ترجمة سعيد حسن بحيرى . |
| 250 | _aط.1 | ||
| 260 |
_aالقاهرة : _bمكتبة زهراء الشرق ، _c2015 . |
||
| 300 |
_a269 ص. ؛ _c24 سم. |
||
| 650 | 0 | 7 |
_2qrmak _aعلم النفس اللغوى |
| 650 | 0 | 7 |
_2qrmak _aاللغة |
| 650 | 0 | 7 |
_2qrmak _aالادراك |
| 651 | _2qrmak | ||
| 700 | 0 |
_aسعيد حسن بحيرى _eمترجم |
|
| 942 |
_2ddc _cBK |
||